000 00374nam a2200133Ia 4500
005 20260326100030.0
008 260326s9999||||xx |||||||||||||| ||und||
100 _aScott, Geoffrey
245 0 _aArquitectura del Humanismo :
_b Un Estudio sobre la Historia del gusto /
_cGeoffrey Scott
260 _bBarral Editores
300 _a209 p.
650 _aEDAD MODERNA
942 _cBK
999 _c6583
_d6583